| 000 | 00732nam a22002770a 4500 | ||
|---|---|---|---|
| 001 | PT2360 | ||
| 003 | AR-LpoUNG | ||
| 005 | 20210131230256.0 | ||
| 008 | 191001s1997||||sp |||||||||||||||||spa d | ||
| 020 |
_a8430311394 _c$34.10 |
||
| 040 |
_aAR-LpoUNG _bspa _cAR-LpoUNG _eaacr |
||
| 041 | _aspa | ||
| 044 | _asp | ||
| 082 | 0 | _aR469 839 | |
| 245 | 1 | 0 |
_aMega portugues : _bportugués-español español-portugués |
| 250 | _a1ra. ed. | ||
| 260 |
_aBarcelona : _bRamón Sopena, _c1996. |
||
| 300 |
_a848 p. : _bgráfs. |
||
| 650 | 4 | _aDICCIONARIOS | |
| 650 | 4 | _aLEXICOGRAFIA | |
| 650 | 4 | _aMATERIAL DE REFERENCIA | |
| 653 | _aDICCIONARIOS BILINGÜES | ||
| 653 | _aDICCIONARIOS DE PORTUGUES | ||
| 905 | _a2360 | ||
| 942 | _cLSALA | ||
| 999 |
_c2560 _d2560 |
||